000
00306nam a22001337a 4500
008
250827b |||||||| |||| 00| 0 eng d
020
_a
9789394644007
_c
800
040
_a
03
100
_a
AGARWAL PREETI
245
_a
HANDBOOK FOR ANM
260
_a
JP
_b
KIRT PRAKSHAN
_c
DELHI
300
_a
858
942
_c
02
999
_c
66021
_d
66021